000 00393 a2200157 4500
001 169133
020 _a
040 _cMagnum
100 _aSoares, Antonio Jorge
240 1 0 _aDialetica, educacao e politica: uma releitura de platao
_lpor
245 1 0 _aDialetica, educacao e politica: uma releitura de platao
362 0 _a1899
440 1 _aCortez
697 _aFILOSOFIA
942 _cBK
999 _c169133
_d169133